[Event "World Senior Championship S50+"]
[Site "Katerini"]
[Date "2014.10.27"]
[Round "4.10"]
[White "Ismail, Ahmad"]
[Black "Barle, Janez"]
[Result "0-1"]
[WhiteElo "2075"]
[BlackElo "2338"]
[EventDate "2014.10.24"]

1. d4 {[%clk 1:30:58]} d5 {[%clk 1:30:25]} 2. Nf3 {[%clk 1:30:52]} Nc6
{[%clk 1:30:45]} 3. Bf4 {[%clk 1:26:43]} Bg4 {[%clk 1:31:02]} 4. c3
{[%clk 1:26:16]} Bxf3 {[%clk 1:28:32]} 5. gxf3 {[%clk 1:26:35]} e6
{[%clk 1:27:03]} 6. Nd2 {[%clk 1:26:49]} Bd6 {[%clk 1:24:54]} 7. Bxd6
{[%clk 1:26:00]} cxd6 {[%clk 1:23:19]} 8. e4 Nge7 9. Bd3 {[%clk 1:14:51]} O-O
{[%clk 1:16:34]} 10. Qe2 {[%clk 1:07:50]} Rc8 {[%clk 1:14:05]} 11. Qe3
{[%clk 1:05:42]} e5 {[%clk 1:07:23]} 12. Rg1 {[%clk 0:56:58]} exd4
{[%clk 0:51:56]} 13. cxd4 {[%clk 0:48:09]} Nb4 14. Ke2 {[%clk 0:48:09]} Nxd3
{[%clk 0:49:23]} 15. Qxd3 {[%clk 0:48:27]} Ng6 {[%clk 0:49:33]} 16. Qb5
{[%clk 0:43:37]} Qf6 {[%clk 0:40:40]} 17. Rxg6 {[%clk 0:40:02]} hxg6
{[%clk 0:39:35]} 18. Qxd5 {[%clk 0:40:16]} Rc2 {[%clk 0:29:56]} 19. Ke3
{[%clk 0:28:01]} g5 {[%clk 0:28:25]} 20. Qf5 {[%clk 0:26:43]} Qxf5
{[%clk 0:28:29]} 21. exf5 {[%clk 0:27:11]} Rxb2 {[%clk 0:28:36]} 22. f6
{[%clk 0:27:15]} Re8+ {[%clk 0:26:45]} 23. Kd3 {[%clk 0:27:33]} gxf6
{[%clk 0:21:30]} 24. Ne4 {[%clk 0:27:53]} Kg7 {[%clk 0:18:33]} 25. h4
{[%clk 0:27:06]} d5 {[%clk 0:18:27]} 26. Kc3 {[%clk 0:26:19]} Rb6
{[%clk 0:17:48]} 27. Ng3 {[%clk 0:26:32]} gxh4 {[%clk 0:16:52]} 28. Nf5+
{[%clk 0:26:56]} Kg6 {[%clk 0:17:03]} 29. Nxh4+ {[%clk 0:27:16]} Kg5
{[%clk 0:16:56]} 30. Ng2 {[%clk 0:26:12]} Re2 {[%clk 0:15:50]} 31. Ne3
{[%clk 0:25:22]} Rxf2 {[%clk 0:14:14]} 32. Rg1+ {[%clk 0:25:26]} Kh5
{[%clk 0:14:08]} 33. Rg3 {[%clk 0:23:58]} Rc6+ {[%clk 0:08:49]} 34. Kd3
{[%clk 0:22:06]} Rxa2 {[%clk 0:08:42]} 35. Nxd5 {[%clk 0:22:21]} f5
{[%clk 0:06:54]} 36. Ke3 {[%clk 0:20:39]} Ra5 {[%clk 0:04:29]} 37. Nf4+
{[%clk 0:12:27]} Kh4 {[%clk 0:02:31]} 38. Rg7 {[%clk 0:12:18]} Rc3+
{[%clk 0:01:54]} 39. Nd3 {[%clk 0:11:54]} f4+ {[%clk 0:01:23]} 40. Ke4
{[%clk 0:42:19]} f5+ {[%clk 0:30:39]} 41. Kxf4 {[%clk 0:42:39]} Kh3
{[%clk 0:30:53]} 42. Ne1 {[%clk 0:41:08]} Kh2 43. Rxb7 {[%clk 0:29:52]} Ra1
{[%clk 0:24:00]} 44. Rb2+ {[%clk 0:20:53]} Kh3 {[%clk 0:11:15]} 45. Nc2
{[%clk 0:17:05]} Rd1 {[%clk 0:10:26]} 46. Nb4 {[%clk 0:10:46]} Rxd4+
{[%clk 0:10:38]} 47. Kxf5 {[%clk 0:10:42]} a5 {[%clk 0:09:26]} 48. Na2
{[%clk 0:11:13]} Rxf3+ {[%clk 0:09:44]} 49. Ke5 {[%clk 0:11:39]} Rd1
{[%clk 0:08:25]} 50. Ke4 {[%clk 0:11:40]} Kg3 {[%clk 0:08:38]} 51. Rc2
{[%clk 0:10:22]} Rf2 {[%clk 0:08:29]} 52. Rc3+ {[%clk 0:10:35]} Kg4
{[%clk 0:08:37]} 53. Nc1 {[%clk 0:10:29]} Rf4+ {[%clk 0:08:09]} 54. Ke5
{[%clk 0:10:44]} a4 {[%clk 0:06:58]} 55. Ne2 {[%clk 0:09:40]} Rb4
{[%clk 0:06:40]} 56. Rg3+ {[%clk 0:09:49]} Kh4 {[%clk 0:06:52]} 57. Re3
{[%clk 0:08:56]} Rd8 {[%clk 0:05:46]} 58. Kf6 {[%clk 0:07:59]} Ra8
{[%clk 0:05:01]} *

[Event "World Senior Championship S50+"]
[Site "Katerini"]
[Date "2014.10.28"]
[Round "5.2"]
[White "Hebden, Mark L"]
[Black "Kalegin, Evgenij"]
[Result "1-0"]
[WhiteElo "2540"]
[BlackElo "2474"]
[EventDate "2014.10.24"]

1. d4 {[%clk 1:30:53]} Nf6 {[%clk 1:30:53]} 2. Nf3 {[%clk 1:31:15]} g6
{[%clk 1:31:14]} 3. Nc3 {[%clk 1:31:39]} d5 {[%clk 1:31:36]} 4. Bf4
{[%clk 1:32:03]} Bg7 {[%clk 1:31:59]} 5. Qd2 {[%clk 1:32:28]} O-O
{[%clk 1:31:17]} 6. Bh6 {[%clk 1:32:43]} Bxh6 {[%clk 1:26:15]} 7. Qxh6
{[%clk 1:33:05]} Nc6 {[%clk 1:23:19]} 8. e3 {[%clk 1:31:47]} Qd6 {[%clk 1:17:03]}
9. Ng5 {[%clk 1:30:33]} e5 {[%clk 1:13:46]} 10. O-O-O {[%clk 1:29:05]} exd4
{[%clk 1:10:12]} 11. Nb5 {[%clk 1:27:04]} Qe7 {[%clk 0:58:45]} 12. Nxd4
{[%clk 1:24:29]} Ne5 {[%clk 0:58:12]} 13. Be2 {[%clk 1:23:32]} Rd8
{[%clk 0:42:57]} 14. Rhe1 {[%clk 1:23:23]} c5 {[%clk 0:41:08]} 15. Nb5
{[%clk 1:18:53]} Bf5 {[%clk 0:31:36]} 16. f3 {[%clk 1:07:57]} a6 {[%clk 0:29:56]}
17. Na3 {[%clk 1:04:51]} b5 {[%clk 0:25:18]} 18. Nb1 {[%clk 1:02:57]} Rac8
{[%clk 0:24:21]} 19. g4 {[%clk 0:59:12]} Be6 {[%clk 0:23:31]} 20. h3
{[%clk 0:59:16]} d4 {[%clk 0:22:54]} 21. f4 {[%clk 0:59:11]} Nc6 {[%clk 0:20:57]}
22. f5 {[%clk 0:57:52]} Nb4 {[%clk 0:14:00]} 23. fxe6 {[%clk 0:56:05]} Nxa2+
{[%clk 0:14:14]} 24. Kd2 {[%clk 0:56:29]} fxe6 {[%clk 0:10:02]} 25. Rf1
{[%clk 0:56:14]} dxe3+ {[%clk 0:07:59]} 26. Kxe3 {[%clk 0:53:16]} Nb4
{[%clk 0:06:51]} 27. Bd3 {[%clk 0:52:09]} c4 {[%clk 0:05:18]} 28. Be4
{[%clk 0:47:38]} Nxe4 {[%clk 0:02:39]} 29. Nxe4 {[%clk 0:43:03]} Nxc2+
{[%clk 0:03:01]} 30. Ke2 {[%clk 0:43:10]} Nd4+ {[%clk 0:03:01]} 31. Kf2
{[%clk 0:39:04]} Rf8+ {[%clk 0:02:21]} 32. Kg2 {[%clk 0:39:09]} Qb7
{[%clk 0:01:31]} 33. Nbd2 {[%clk 0:38:23]} Nf5 {[%clk 0:01:09]} 34. Qg5
{[%clk 0:36:21]} Rcd8 {[%clk 0:00:39]} 35. Rf3 {[%clk 0:35:36]} Nd4
{[%clk 0:00:36]} 36. Rxf8+ {[%clk 0:35:12]} Rxf8 {[%clk 0:01:05]} 37. Rf1
{[%clk 0:35:25]} Rxf1 {[%clk 0:01:15]} 38. Kxf1 {[%clk 0:35:48]} Qf7+
{[%clk 0:01:31]} 39. Kg2 {[%clk 0:35:02]} Nc6 {[%clk 0:01:25]} 40. Nf3
{[%clk 1:03:52]} Qe7 {[%clk 0:31:34]} 41. Qf4 {[%clk 1:01:56]} e5
{[%clk 0:30:53]} 42. Qd2 {[%clk 0:58:30]} Nd8 {[%clk 0:31:10]} 43. Qd5+
{[%clk 0:58:07]} Nf7 {[%clk 0:30:50]} 44. Nfg5 {[%clk 0:57:26]} 1-0

[Event "World Senior Championship S50+"]
[Site "Katerini"]
[Date "2014.10.28"]
[Round "5.4"]
[White "Sveshnikov, Evgeny"]
[Black "Malinin, Vasily B."]
[Result "1-0"]
[WhiteElo "2517"]
[BlackElo "2280"]
[EventDate "2014.10.24"]

1. e4 {[%clk 1:30:56]} Nc6 {[%clk 1:30:52]} 2. d4 {[%clk 1:30:16]} e5
{[%clk 1:31:19]} 3. Nf3 {[%clk 1:30:27]} exd4 {[%clk 1:31:48]} 4. Nxd4
{[%clk 1:30:46]} Qh4 {[%clk 1:32:15]} 5. Nc3 {[%clk 1:31:03]} Bb4
{[%clk 1:32:43]} 6. Be2 {[%clk 1:31:16]} Qxe4 {[%clk 1:30:11]} 7. Ndb5
{[%clk 1:30:38]} Bxc3+ {[%clk 1:28:04]} 8. bxc3 {[%clk 1:30:49]} Kd8
{[%clk 1:28:13]} 9. O-O {[%clk 1:31:09]} Nge7 10. Re1 h5 {[%clk 1:21:46]} 11. h3
{[%clk 1:16:11]} a6 {[%clk 1:19:37]} 12. Nd4 {[%clk 1:15:47]} Nxd4
{[%clk 1:19:45]} 13. cxd4 d6 {[%clk 1:16:32]} 14. Bxh5 {[%clk 1:12:19]} Qh4
{[%clk 1:15:09]} 15. Bf3 {[%clk 1:12:38]} Ng6 {[%clk 1:09:35]} 16. Rb1
{[%clk 1:06:06]} a5 {[%clk 1:01:27]} 17. Re4 {[%clk 1:02:11]} Qh7
{[%clk 1:00:30]} 18. Rb5 {[%clk 1:02:23]} a4 {[%clk 0:56:51]} 19. c4
{[%clk 0:57:55]} c6 {[%clk 0:55:05]} 20. Rh5 {[%clk 0:53:38]} Qg8
{[%clk 0:55:31]} 21. Qd2 {[%clk 0:52:10]} f6 {[%clk 0:54:33]} 22. Ra5
{[%clk 0:50:48]} Rb8 {[%clk 0:51:59]} 23. Rxa4 {[%clk 0:44:13]} Qh7
{[%clk 0:51:38]} 24. Qb4 Kc7 25. c5 {[%clk 0:44:16]} dxc5 {[%clk 0:47:38]} 26.
dxc5 {[%clk 0:44:03]} Bd7 {[%clk 0:45:46]} 27. Qb6+ {[%clk 0:42:27]} Kc8
{[%clk 0:46:14]} 28. Bd2 {[%clk 0:42:20]} Qg8 {[%clk 0:45:07]} 29. Ba5
{[%clk 0:40:03]} Qd8 {[%clk 0:45:35]} 30. Qxd8+ {[%clk 0:31:42]} Rxd8
{[%clk 0:45:21]} 31. Bxd8 {[%clk 0:30:46]} Kxd8 {[%clk 0:45:50]} 32. Rad4
{[%clk 0:30:07]} Kc7 {[%clk 0:45:56]} 33. Bh5 {[%clk 0:30:17]} Nf8
{[%clk 0:45:23]} 34. Re7 {[%clk 0:30:28]} f5 {[%clk 0:41:17]} 35. Rxg7
{[%clk 0:28:59]} Ra8 {[%clk 0:41:04]} 36. Bg6 {[%clk 0:27:30]} Kc8
{[%clk 0:40:15]} 37. Rdxd7 {[%clk 0:27:38]} 1-0

[Event "World Senior Championship S50+"]
[Site "Katerini"]
[Date "2014.10.31"]
[Round "7.13"]
[White "Furman, Boris"]
[Black "Madeira, Wagner Martins"]
[Result "1-0"]
[WhiteElo "2152"]
[BlackElo "2207"]
[EventDate "2014.10.24"]

1. d4 {[%clk 1:30:55]} Nf6 {[%clk 1:30:46]} 2. c4 {[%clk 1:31:19]} c5
{[%clk 1:31:06]} 3. d5 {[%clk 1:31:41]} e6 {[%clk 1:31:30]} 4. Nc3
{[%clk 1:32:04]} exd5 {[%clk 1:31:51]} 5. cxd5 {[%clk 1:32:27]} d6
{[%clk 1:32:08]} 6. Nf3 {[%clk 1:32:46]} a6 {[%clk 1:32:21]} 7. a4
{[%clk 1:33:08]} g6 {[%clk 1:32:43]} 8. Bg5 {[%clk 1:33:30]} h6 {[%clk 1:33:05]}
9. Bh4 {[%clk 1:33:53]} g5 {[%clk 1:33:25]} 10. Bg3 {[%clk 1:34:12]} Nh5
{[%clk 1:33:48]} 11. e3 {[%clk 1:34:05]} Bg7 {[%clk 1:33:25]} 12. Bd3
{[%clk 1:31:59]} Nxg3 {[%clk 1:32:45]} 13. hxg3 {[%clk 1:32:21]} O-O
{[%clk 1:32:54]} 14. O-O {[%clk 1:30:38]} f5 {[%clk 1:30:28]} 15. Qc2
{[%clk 1:28:24]} a5 {[%clk 1:28:57]} 16. Rad1 {[%clk 1:21:15]} Na6
{[%clk 1:28:25]} 17. Qd2 {[%clk 1:19:27]} Nb4 {[%clk 1:28:12]} 18. Bb1
{[%clk 1:18:54]} b6 {[%clk 1:27:18]} 19. Rfe1 {[%clk 1:19:08]} Ra7
{[%clk 1:23:25]} 20. e4 {[%clk 1:17:56]} fxe4 {[%clk 1:23:20]} 21. Rxe4
{[%clk 1:17:04]} Raf7 {[%clk 1:22:14]} 22. Qe3 {[%clk 1:09:23]} Bf5
{[%clk 1:02:12]} 23. Re6 {[%clk 1:08:26]} Bxb1 {[%clk 0:59:24]} 24. Rxb1
{[%clk 1:05:19]} g4 {[%clk 0:36:54]} 25. Nh4 {[%clk 1:03:58]} Rxf2
{[%clk 0:37:02]} 26. Qe4 {[%clk 0:41:30]} Qg5 {[%clk 0:25:18]} 27. Rg6
{[%clk 0:36:04]} Qe5 {[%clk 0:20:18]} 28. Qxe5 {[%clk 0:31:05]} dxe5
{[%clk 0:20:31]} 29. Rxg4 {[%clk 0:28:18]} Kh7 {[%clk 0:17:21]} 30. Nf3
{[%clk 0:22:41]} Rc2 {[%clk 0:16:50]} 31. d6 {[%clk 0:14:31]} Nc6
{[%clk 0:15:34]} 32. Nd5 {[%clk 0:10:44]} Nd4 {[%clk 0:10:37]} 33. Rf1
{[%clk 0:10:25]} Nxf3+ {[%clk 0:09:44]} 34. Rxf3 {[%clk 0:09:33]} Rxf3
{[%clk 0:09:29]} 35. gxf3 {[%clk 0:09:36]} Rd2 {[%clk 0:09:50]} 36. Nxb6
{[%clk 0:06:30]} Rxd6 {[%clk 0:09:58]} 37. Nc4 {[%clk 0:06:49]} Rd1+
{[%clk 0:07:30]} 38. Kf2 {[%clk 0:07:03]} e4 {[%clk 0:03:32]} 39. Rxe4
{[%clk 0:07:06]} Bd4+ {[%clk 0:03:53]} 40. Ke2 {[%clk 0:36:55]} Rg1
{[%clk 0:33:25]} 41. g4 {[%clk 0:35:31]} Bxb2 {[%clk 0:32:49]} 42. Nxa5
{[%clk 0:35:18]} Ra1 {[%clk 0:26:34]} 43. Nb3 {[%clk 0:34:04]} Ra2
{[%clk 0:26:43]} 44. Kd3 {[%clk 0:34:03]} Ba3 {[%clk 0:26:48]} 45. Re1
{[%clk 0:28:40]} Rf2 {[%clk 0:22:43]} 46. Re3 {[%clk 0:24:50]} Bb4
{[%clk 0:13:47]} 47. Kc4 {[%clk 0:23:54]} Rc2+ {[%clk 0:13:10]} 48. Kb5
{[%clk 0:23:52]} Kg6 {[%clk 0:10:08]} 49. Re6+ {[%clk 0:19:55]} Kg5
{[%clk 0:10:09]} 50. Re5+ {[%clk 0:19:56]} Kf4 {[%clk 0:10:22]} 51. Rf5+
{[%clk 0:20:18]} Ke3 {[%clk 0:10:32]} 52. a5 {[%clk 0:16:35]} Bxa5
{[%clk 0:08:38]} 53. Nxa5 {[%clk 0:16:42]} Rf2 {[%clk 0:07:10]} 54. Nc4+
{[%clk 0:16:56]} Kd4 {[%clk 0:07:03]} 55. Rf4+ {[%clk 0:16:20]} Kd5
{[%clk 0:06:26]} 56. Ne3+ {[%clk 0:15:19]} Ke5 {[%clk 0:06:23]} 57. Re4+
{[%clk 0:15:38]} Kd6 {[%clk 0:05:33]} *

[Event "World Senior Championship S50+"]
[Site "Katerini"]
[Date "2014.10.31"]
[Round "7.14"]
[White "Nikolaidis, Konstantinos"]
[Black "Hafez, Bakr"]
[Result "1-0"]
[WhiteElo "2178"]
[BlackElo "2013"]
[EventDate "2014.10.24"]

1. d4 {[%clk 1:30:50]} Nf6 {[%clk 1:30:41]} 2. c4 {[%clk 1:30:43]} e6
{[%clk 1:31:01]} 3. Nc3 {[%clk 1:30:48]} Bb4 {[%clk 1:31:21]} 4. e3
{[%clk 1:30:50]} O-O {[%clk 1:30:24]} 5. Bd3 {[%clk 1:29:52]} c5 {[%clk 1:27:59]}
6. Nge2 {[%clk 1:29:20]} b6 {[%clk 1:26:50]} 7. O-O {[%clk 1:26:15]} cxd4
{[%clk 1:26:41]} 8. exd4 {[%clk 1:26:27]} Bb7 {[%clk 1:26:52]} 9. a3
{[%clk 1:22:28]} Bxc3 {[%clk 1:22:33]} 10. Nxc3 {[%clk 1:22:09]} d5
{[%clk 1:21:52]} 11. cxd5 {[%clk 1:17:21]} Nxd5 {[%clk 1:19:56]} 12. Qh5
{[%clk 1:12:46]} g6 {[%clk 1:18:52]} 13. Qh3 {[%clk 1:06:41]} Nxc3
{[%clk 1:15:32]} 14. bxc3 {[%clk 1:07:00]} Qc7 {[%clk 1:12:24]} 15. Bd2
{[%clk 0:53:10]} Nc6 {[%clk 1:10:18]} 16. f4 {[%clk 0:36:53]} f5 {[%clk 1:09:30]}
17. Rfe1 {[%clk 0:32:48]} Rfe8 {[%clk 1:07:18]} 18. Bc4 {[%clk 0:26:01]} Nxd4
{[%clk 1:01:23]} 19. Ba2 {[%clk 0:25:32]} Nc2 {[%clk 1:00:39]} 20. Rxe6
{[%clk 0:23:06]} Rxe6 {[%clk 0:58:49]} 21. Bxe6+ {[%clk 0:23:33]} Kg7
{[%clk 0:57:29]} 22. c4 {[%clk 0:20:23]} Kf6 {[%clk 0:44:20]} 23. Rc1
{[%clk 0:14:20]} Be4 {[%clk 0:42:28]} 24. Bd5 {[%clk 0:09:49]} Qc5+
{[%clk 0:36:14]} 25. Kh1 {[%clk 0:08:58]} Qf2 {[%clk 0:33:05]} 26. Bc3+
{[%clk 0:08:41]} Nd4 {[%clk 0:18:39]} 27. Bxa8 {[%clk 0:06:57]} Bxa8
{[%clk 0:16:37]} 28. Rd1 {[%clk 0:07:17]} Qxf4 {[%clk 0:15:49]} 29. Bxd4+
{[%clk 0:07:12]} Ke6 {[%clk 0:15:21]} 30. Qe3+ {[%clk 0:06:29]} Qe4
{[%clk 0:14:50]} 31. Kg1 {[%clk 0:05:52]} h6 {[%clk 0:14:40]} 32. Re1
{[%clk 0:05:09]} Kf7 {[%clk 0:14:12]} 33. Qxe4 {[%clk 0:04:52]} Bxe4
{[%clk 0:12:24]} 34. Rxe4 {[%clk 0:04:31]} fxe4 {[%clk 0:12:46]} 35. Kf2
{[%clk 0:04:50]} Ke6 {[%clk 0:13:05]} 36. g4 {[%clk 0:04:44]} h5 {[%clk 0:12:45]}
37. h3 {[%clk 0:05:06]} 1-0

[Event "World Senior Championship S50+"]
[Site "Katerini"]
[Date "2014.11.01"]
[Round "8.1"]
[White "Sveshnikov, Evgeny"]
[Black "Nunn, John D M"]
[Result "1-0"]
[WhiteElo "2517"]
[BlackElo "2602"]
[EventDate "2014.10.24"]

1. e4 {[%clk 1:30:57]} c5 {[%clk 1:30:52]} 2. c3 {[%clk 1:31:16]} d5
{[%clk 1:31:12]} 3. exd5 {[%clk 1:31:37]} Qxd5 {[%clk 1:31:34]} 4. d4
{[%clk 1:31:58]} Nf6 {[%clk 1:31:53]} 5. Nf3 {[%clk 1:32:18]} Bg4
{[%clk 1:32:13]} 6. Nbd2 {[%clk 1:32:05]} Nc6 {[%clk 1:27:46]} 7. Bc4
{[%clk 1:31:53]} Bxf3 {[%clk 1:27:15]} 8. Qb3 {[%clk 1:31:42]} Na5
{[%clk 1:26:30]} 9. Qb5+ {[%clk 1:32:03]} Qd7 {[%clk 1:26:28]} 10. Nxf3
{[%clk 1:32:23]} Nxc4 {[%clk 1:26:47]} 11. Qxc4 {[%clk 1:32:46]} cxd4
{[%clk 1:26:47]} 12. Nxd4 {[%clk 1:33:09]} e6 {[%clk 1:23:08]} 13. Bg5
{[%clk 1:22:40]} Qd5 {[%clk 0:57:54]} 14. Qb5+ {[%clk 1:23:02]} Qd7
{[%clk 0:45:21]} 15. Bxf6 {[%clk 0:58:27]} gxf6 {[%clk 0:45:32]} 16. O-O-O
{[%clk 0:58:16]} Qxb5 {[%clk 0:31:52]} 17. Nxb5 {[%clk 0:58:35]} Rb8
{[%clk 0:18:34]} 18. Nxa7 {[%clk 0:22:14]} Bc5 {[%clk 0:18:40]} 19. Nb5
{[%clk 0:22:42]} Bxf2 {[%clk 0:19:01]} 20. Rhf1 {[%clk 0:23:00]} Be3+
{[%clk 0:18:23]} 21. Kb1 {[%clk 0:21:14]} Ke7 {[%clk 0:16:38]} 22. Rd3
{[%clk 0:19:27]} Bb6 {[%clk 0:16:54]} 23. Rdf3 {[%clk 0:19:18]} Rhg8
{[%clk 0:12:50]} 24. Rxf6 {[%clk 0:19:27]} Rbf8 {[%clk 0:13:16]} 25. g3
{[%clk 0:19:16]} h5 {[%clk 0:12:51]} 26. Rh6 {[%clk 0:16:42]} Rh8
{[%clk 0:13:08]} 27. Rxh8 {[%clk 0:16:31]} Rxh8 {[%clk 0:13:34]} 28. b4
{[%clk 0:15:58]} h4 {[%clk 0:13:09]} 29. c4 {[%clk 0:16:07]} hxg3
{[%clk 0:12:49]} 30. hxg3 {[%clk 0:16:35]} Be3 {[%clk 0:08:42]} 31. c5
{[%clk 0:16:10]} f5 {[%clk 0:06:53]} 32. Rf3 {[%clk 0:13:20]} Bg1
{[%clk 0:06:37]} 33. a4 {[%clk 0:11:49]} Ra8 {[%clk 0:02:35]} 34. a5
{[%clk 0:07:38]} Bxc5 {[%clk 0:02:58]} 35. bxc5 {[%clk 0:08:02]} Rxa5
{[%clk 0:03:26]} 36. Nd4 {[%clk 0:05:23]} Rxc5 {[%clk 0:03:09]} 37. Re3
{[%clk 0:05:50]} Kf6 {[%clk 0:01:21]} 38. Rxe6+ {[%clk 0:05:49]} Kg5
{[%clk 0:01:45]} 39. Re3 {[%clk 0:05:33]} Kg4 {[%clk 0:01:10]} 40. Ne2
{[%clk 0:35:56]} Rc4 {[%clk 0:31:12]} 41. Nf4 {[%clk 0:33:18]} b5
{[%clk 0:29:56]} 42. Nd3 {[%clk 0:32:25]} Kg5 {[%clk 0:19:10]} 43. Nf2
{[%clk 0:32:16]} Kf6 {[%clk 0:16:57]} 44. Rb3 {[%clk 0:28:58]} b4
{[%clk 0:16:09]} 45. Rf3 {[%clk 0:29:01]} Kg5 {[%clk 0:13:43]} 46. Kb2
{[%clk 0:27:15]} Rd4 {[%clk 0:14:02]} 47. Kc2 {[%clk 0:26:33]} Rd5
{[%clk 0:13:19]} 48. Kb3 {[%clk 0:26:13]} Rd4 {[%clk 0:13:35]} 49. Ka4
{[%clk 0:23:23]} Rc4 {[%clk 0:14:00]} 50. Kb3 {[%clk 0:23:01]} Rd4
{[%clk 0:14:23]} 51. Kc2 {[%clk 0:23:20]} Rd8 {[%clk 0:13:18]} 52. Rf4
{[%clk 0:16:43]} Rc8+ {[%clk 0:11:26]} 53. Kd2 {[%clk 0:17:12]} Rb8
{[%clk 0:11:44]} 54. Nd3 {[%clk 0:16:28]} b3 {[%clk 0:11:35]} 55. Kc3
{[%clk 0:15:38]} Re8 {[%clk 0:11:39]} 56. Kd2 {[%clk 0:15:19]} Rb8
{[%clk 0:12:01]} 57. Nb2 {[%clk 0:14:39]} Re8 {[%clk 0:06:13]} 58. Nc4
{[%clk 0:14:07]} Rb8 {[%clk 0:03:10]} 59. Kc3 {[%clk 0:14:18]} Rb5
{[%clk 0:03:20]} 60. Kb2 {[%clk 0:05:52]} Rb4 {[%clk 0:03:15]} 61. Rh4
{[%clk 0:06:05]} Kf6 {[%clk 0:03:12]} 62. Rd4 {[%clk 0:05:16]} Kg5
{[%clk 0:01:37]} 63. Rf4 {[%clk 0:05:32]} Rb5 {[%clk 0:01:55]} 64. Nd2
{[%clk 0:05:35]} Rb8 {[%clk 0:00:41]} 65. Nf3+ {[%clk 0:05:29]} Kh5
{[%clk 0:00:56]} 66. Nd4 {[%clk 0:04:30]} Rb4 {[%clk 0:01:06]} 67. Ne6
{[%clk 0:03:20]} Rb5 {[%clk 0:01:12]} 68. Rh4+ {[%clk 0:03:30]} Kg6
{[%clk 0:01:38]} 69. Nf4+ {[%clk 0:03:42]} Kg5 {[%clk 0:01:57]} 70. Nh3+
{[%clk 0:03:54]} Kg6 {[%clk 0:02:19]} 71. Rf4 {[%clk 0:04:08]} Kf6
{[%clk 0:00:33]} 72. Nf2 {[%clk 0:04:18]} Ke5 {[%clk 0:00:47]} 73. Nd3+
{[%clk 0:03:06]} Kf6 {[%clk 0:00:58]} 74. Rf3 {[%clk 0:02:58]} Rb8
{[%clk 0:01:04]} 75. Re3 {[%clk 0:02:45]} Rb5 {[%clk 0:01:00]} 76. Nf4
{[%clk 0:02:21]} Kg5 {[%clk 0:00:48]} 77. Nh3+ {[%clk 0:02:09]} Kf6
{[%clk 0:01:09]} 78. Nf2 {[%clk 0:02:19]} Re5 {[%clk 0:00:35]} 79. Rf3
{[%clk 0:02:38]} Kg5 {[%clk 0:00:45]} 80. Kxb3 {[%clk 0:03:00]} Ra5
{[%clk 0:01:08]} 81. Kc2 {[%clk 0:03:08]} Ra2+ {[%clk 0:01:08]} 82. Kd1
{[%clk 0:03:24]} Rb2 {[%clk 0:01:30]} 83. Ke1 {[%clk 0:03:44]} Ra2
{[%clk 0:01:57]} 84. Kf1 {[%clk 0:03:54]} Rb2 {[%clk 0:02:22]} 85. Kg2
{[%clk 0:03:11]} Ra2 {[%clk 0:02:47]} 86. Rc3 {[%clk 0:03:14]} Rb2
{[%clk 0:02:28]} 87. Kf3 {[%clk 0:03:21]} Rb4 {[%clk 0:02:39]} 88. Nd3
{[%clk 0:03:22]} Ra4 {[%clk 0:03:00]} 89. Nf4 {[%clk 0:03:44]} Rb4
{[%clk 0:03:04]} 90. Nh3+ {[%clk 0:03:46]} Kh5 {[%clk 0:03:21]} 91. Rd3
{[%clk 0:03:09]} Ra4 {[%clk 0:03:42]} 92. Nf4+ {[%clk 0:02:57]} Kg5
{[%clk 0:04:07]} 93. Ng2 {[%clk 0:03:15]} *

[Event "World Senior Championship S50+"]
[Site "Katerini"]
[Date "2014.11.01"]
[Round "8.8"]
[White "Kalegin, Evgenij"]
[Black "Findlay, David John"]
[Result "1-0"]
[WhiteElo "2474"]
[BlackElo "2162"]
[EventDate "2014.10.24"]

1. e4 {[%clk 1:30:56]} e5 {[%clk 1:30:45]} 2. Nf3 {[%clk 1:31:22]} d6
{[%clk 1:30:57]} 3. d4 {[%clk 1:31:48]} exd4 {[%clk 1:31:12]} 4. Qxd4
{[%clk 1:32:13]} Nc6 {[%clk 1:30:59]} 5. Bb5 {[%clk 1:32:38]} Nge7
{[%clk 1:31:05]} 6. Bg5 {[%clk 1:28:57]} a6 {[%clk 1:29:23]} 7. Bxc6+
{[%clk 1:29:16]} Nxc6 {[%clk 1:29:31]} 8. Qd2 {[%clk 1:28:11]} f6
{[%clk 1:28:10]} 9. Bf4 {[%clk 1:27:27]} Be6 {[%clk 1:27:28]} 10. Nc3
{[%clk 1:27:42]} Be7 {[%clk 1:27:39]} 11. O-O-O {[%clk 1:27:36]} O-O
{[%clk 1:25:26]} 12. Rhe1 {[%clk 1:26:28]} Re8 {[%clk 1:21:09]} 13. h3
{[%clk 1:26:24]} Ne5 {[%clk 1:14:09]} 14. Nd4 {[%clk 1:25:16]} Bf7
{[%clk 1:13:47]} 15. Nf5 {[%clk 1:23:32]} Bf8 {[%clk 1:11:08]} 16. Bh2
{[%clk 1:17:47]} b5 {[%clk 1:07:45]} 17. Nd5 {[%clk 1:12:37]} Nc4
{[%clk 0:59:04]} 18. Qc3 {[%clk 1:12:14]} Bxd5 {[%clk 0:40:19]} 19. exd5
{[%clk 1:12:13]} Qd7 {[%clk 0:28:16]} 20. Nd4 {[%clk 1:10:00]} Nb6
{[%clk 0:27:16]} 21. Qf3 {[%clk 1:06:28]} g6 {[%clk 0:23:03]} 22. Re6
{[%clk 0:55:52]} f5 {[%clk 0:22:03]} 23. g4 {[%clk 0:52:37]} fxg4
{[%clk 0:21:25]} 24. hxg4 {[%clk 0:53:00]} Bh6+ {[%clk 0:18:04]} 25. Kb1
{[%clk 0:52:15]} Rf8 {[%clk 0:18:17]} 26. Qe4 {[%clk 0:43:24]} Rxf2
{[%clk 0:12:46]} 27. Re7 {[%clk 0:43:34]} Qc8 {[%clk 0:12:45]} 28. Bg3
{[%clk 0:40:18]} Rf7 {[%clk 0:12:23]} 29. Rxf7 {[%clk 0:39:22]} Kxf7
{[%clk 0:12:39]} 30. Rh1 {[%clk 0:39:35]} Nc4 {[%clk 0:09:25]} 31. Bf4
{[%clk 0:17:42]} Bg7 {[%clk 0:04:57]} 32. Rxh7 {[%clk 0:17:26]} Qg8
{[%clk 0:04:26]} 33. Qe6+ {[%clk 0:17:07]} Kf8 {[%clk 0:04:47]} 34. Qxg6
{[%clk 0:16:58]} Bxd4 {[%clk 0:03:50]} 35. Qf5+ {[%clk 0:16:47]} Ke8
{[%clk 0:03:58]} 36. Qd7+ {[%clk 0:17:09]} Kf8 {[%clk 0:04:14]} 37. Qe7#
{[%clk 0:17:33]} 1-0